Firmy kurierskie - Statystyki

Ogólne statystyki
  • Ten quiz został rozwiązany 78 razy
  • Średni wynik to 8 z 12
Answers on the Grid
Answers color-coded by a green-red scale on the quiz's grid according to % correct below.
DHL
InPost
Pocztex
Orlen paczka
FedEx
GLS
UPS
Ambro express
Meest
Packeta
Osl
Raben
Dsv
K ex
Sendit
Apaczka
Szybka paczka
DPD
 
Statystyki odpowiedzi
Odpowiedź % Poprawnych
DHL
99%
InPost
99%
FedEx
96%
Pocztex
93%
UPS
93%
GLS
88%
DPD
80%
Orlen paczka
80%
Szybka paczka
41%
Ambro express
16%
Packeta
13%
Meest
6%
Nie znaleziono quizów pasujących do podanych kryteriów
Rozkład punktacji
Procent ludzi z każdym wynikiem
Percentyl według liczby udzielonych odpowiedzi
Twoja historia wyników
Nie rozwiązałeś tego quizu